All the King´s Men
Kaydedildi:
| Yazar: | |
|---|---|
| Materyal Türü: | Kitap |
| Dil: | Undetermined |
| Baskı/Yayın Bilgisi: |
New York, Estados Unidos
Bantam Books
1971
|
| Konular: | |
| Etiketler: |
Etiketle
Etiket eklenmemiş, İlk siz ekleyin!
|
MARC
| LEADER | 00000nam a2200000Ia 4500 | ||
|---|---|---|---|
| 008 | 170316s9999 xx 000 0 und d | ||
| 040 | |a cru BVZT | ||
| 090 | |a 810 W-7a | ||
| 100 | |a Warren, Robert Penn | ||
| 245 | |a All the King´s Men | ||
| 260 | |a New York, Estados Unidos | ||
| 260 | |b Bantam Books | ||
| 260 | |c 1971 | ||
| 300 | |a 438 páginas | ||
| 650 | |a LITERATURA ESTADOUNIDENSE | ||
| 999 | |c 6312 |d 6312 | ||
| 942 | |c 15 D |h 810 W-7a |2 z | ||
